| 000 | 00418pab a2200169 454500 | ||
|---|---|---|---|
| 008 | 180718b2008 xxu||||| |||| 00| 0 eng d | ||
| 100 | _aAnand, Sudhir | ||
| 245 | _aWhat do we know about global income inequality? | ||
| 260 | _c2008 | ||
| 300 | _ap.57-94. | ||
| 362 | _aMar | ||
| 650 | _aIncome distribution | ||
| 700 | _aSegal, Paul | ||
| 773 | _aJournal of Economic Literature | ||
| 908 | _aN | ||
| 909 | _a77957 | ||
| 999 |
_c77957 _d77957 |
||